Windwills of the gods

Bibliographic Details
Main Author: Sheldon, Sidney
Format: Book
Published: New York : William Morrow and Company , 1987
Subjects:

MARC

LEADER 00000cam a2200000 7i4500
001 0000008226
002 000008970
005 20000330.0
020 |a 0688065708 
090 0 0 |a F   |b SHE 
100 1 |a Sheldon, Sidney 
245 1 0 |a Windwills of the gods   |c Sidney Sheldon 
260 |a New York :   |b William Morrow and Company ,   |c 1987 
300 |a 384 p. ;   |c 24 cm. 
650 0 0 |a Love stories 
999 |a 014449   |b BUKU   |c PINJAMAN   |e PERPUSTAKAAN KOMUNITI PETALING JAYA